Państwa, które są położone na równiku - Statystyki

Ogólne statystyki
  • Ten quiz został rozwiązany 23 razy
  • Średni wynik to 9 z 13
Statystyki odpowiedzi
Odpowiedź % Poprawnych
Brazylia
100%
Ekwador
90%
Indonezja
85%
Demokratyczna Republika Konga
80%
Kenia
75%
Kongo
70%
Uganda
70%
Kolumbia
65%
Gabon
60%
Kiribati
45%
Somalia
45%
Malediwy
40%
Wyspy Świętego Tomasza i Książęca
25%
Nie znaleziono quizów pasujących do podanych kryteriów
Rozkład punktacji
Procent ludzi z każdym wynikiem
Percentyl według liczby udzielonych odpowiedzi
Twoja historia wyników
Nie rozwiązałeś tego quizu